Library Catalog

9 from the Nine Worlds / (Record no. 492637)

MARC details
000 -LEADER
fixed length control field 00890nam a22002297a 4500
003 - CONTROL NUMBER IDENTIFIER
control field OSt
005 - DATE AND TIME OF LATEST TRANSACTION
control field 20260511090025.0
008 - FIXED-LENGTH DATA ELEMENTS--GENERAL INFORMATION
fixed length control field 260511b |||||||| |||| 00| 0 eng d
020 ## - INTERNATIONAL STANDARD BOOK NUMBER
International Standard Book Number 9780241706619
040 ## - CATALOGING SOURCE
Original cataloging agency Kenya National Library Service
082 ## - DEWEY DECIMAL CLASSIFICATION NUMBER
Classification number 813.6 RIO
100 ## - MAIN ENTRY--PERSONAL NAME
Personal name Riordan, Rick,
Relator term author.
245 ## - TITLE STATEMENT
Title 9 from the Nine Worlds /
Statement of responsibility, etc. Rick Riordan.
300 ## - PHYSICAL DESCRIPTION
Extent 150 pages,16 unnumbered pages of plates ;
Dimensions 20 cm.
490 ## - SERIES STATEMENT
Series statement Magnus Chase and the gods of Asgard.
520 ## - SUMMARY, ETC.
Summary, etc. A collection of interconnected short stories set in the world of Norse mythology, following characters such as Magnus Chase and other gods and creatures as they navigate humorous and action-filled adventures across the Nine Worlds.
650 ## - SUBJECT ADDED ENTRY--TOPICAL TERM
Topical term or geographic name entry element Short stories.
650 ## - SUBJECT ADDED ENTRY--TOPICAL TERM
Topical term or geographic name entry element Fantasy fiction.
942 ## - ADDED ENTRY ELEMENTS (KOHA)
Source of classification or shelving scheme Dewey Decimal Classification
Koha item type Books
Suppress in OPAC No
Holdings
Withdrawn status Source of classification or shelving scheme Damaged status Not for loan Collection Home library Current library Date acquired Source of acquisition Cost, normal purchase price Total checkouts Full call number Barcode Date last seen Price effective from Koha item type
  Dewey Decimal Classification     Junior Books Nakuru Library Acquisition, Cataloguing, Classification and Distribution Development 05/11/2026 BAI 874.00   813.6 RIO B230699 05/11/2026 05/11/2026 Books

© 2025, Kenya National Library Service | Designed & Maintained by Uvumbuzi Center